Countries of Asia with Two or More Words - Statistics

General Stats
  • This quiz has been taken 127,033 times
  • The average score is 5 of 6
Answer Stats
Country % Correct
North Korea
94%
South Korea
94%
Saudi Arabia
80%
Sri Lanka
79%
East Timor
73%
United Arab Emirates
71%
No matching quizzes found
Score Distribution
Percent of People with Each Score
Percentile by Number Answered
Your Score History
You have not taken this quiz